000 00830nam a2200265Ia 4500
003 OSt
005 20220926004609.0
006 a|||||r|||| 00| 0
007 ta
008 220923b |||||||| |||| 00| 0 eng d
020 _a9780415585958
037 _cGeneral Book
040 _aRTL
_cRTL
_beng
041 _2eng
_aeng
082 _aY9(W).49G, Q0
100 _aPRICE Pamela
_9271559
245 0 _aPower and influence in India
_b Bosses, lords, and captains.
260 _a New Delhi
_bRoutledge
_c2010
300 _axxxiv,253p Bibliography chapterwise
_ccm.
490 _aExploring the political in South Asia
500 _aGlossary: p xi-xiii
700 _a RUUD Arild Engelsen
_9307045
942 _hY9(W).49G, Q0
_cGB
_2CC
999 _c611694
_d611694